00689nam a2200241 a 4500001001300000003000900013005001700022008004100039020002300080082001500103100001600118245003000134260004200164300000800206500003500214505001000249650002600259700001600285902000800301942000700309952011600316999001500432nice12345678IN_TiNIC20260116012728.0050524s1987 cana grp 000 0 eng  a0888735 c10000a232.8bHAR aHarlow, R E aJesus Christ, God the Son aCanadabEvery Day Publications c1987 a56p aincludes index and biblioraphy2 aIndex aJesus Christ-Divinity1 aHarlow, R E bSRS cBK 001040708StackRoom-aHMIbHMId2007-06-18g100.00l0o232.8 HARp013731r2007-06-18v100.00w2005-05-24yBK c8129d8129